000 01328nam0a2200325 4500
001 RU\NLR\BIBL_A\012102341
005 20240921170928.0
010 _a9785005022141
021 _aRU
_b2019-63079
_9КН-П-4524
035 _a(RuMoRGB)010075909
035 _a(NLR Aleph) 012102341
090 _a11913101
_c11913101
100 _a20190926d2019 c y0rusy50 ca
101 0 _arus
102 _aRU
105 _ay z 000zy
200 1 _aСтрана моя + реки, горы и моря
_e1-4 классы
_fВиктория Дядик
210 _a[Б. м.]
_cИздательские решения
_d2019
215 _a34, [1] с.
_d21
300 _aКнига создана в интеллектуальной издательской системе Ridero.ru
333 _a6+
606 1 _aЕстествознание
_jУчебные издания
_xПреподавание
_xИспользование стихов
_xНачальная школа
_92427993
_3RU\NLR\AUTH\6601663751
606 1 _aЕстествознание
_jУчебные издания для начальной школы
_91049255
_3RU\NLR\AUTH\6687283
686 1 _aЧ426.44-25,01я7
686 1 _aБ.я71
700 1 _aДядик
_bВ.
_gВиктория
942 _cBOOK
980 _aNBR